Deutsch an der Grenze zum deutschen Sprachraum - sein Status als Fremdsprache in der Slowakei

Enregistré dans:
Détails bibliographiques
Auteur principal: Adamcová, Lívia
Format: Chapitre de livre
Langue:allemand
Sujets:
Tags: Ajouter un tag
Pas de tags, Soyez le premier à ajouter un tag!

MARC

LEADER 00000naa$a2200000$$$4500
001 0127031
005 20240502083321.2
041 0 |a ger 
044 |a DE 
245 1 0 |a Deutsch an der Grenze zum deutschen Sprachraum - sein Status als Fremdsprache in der Slowakei  |c Lívia Adamcová 
610 2 0 |a jazyky cudzie 
610 2 0 |a nemčina 
610 2 0 |a vzdelávanie 
610 2 0 |a vyučovanie 
610 2 0 |a Slovensko 
100 1 |a Adamcová, Lívia